| 000 | 00614nam a22002177a 4500 | ||
|---|---|---|---|
| 003 | OSt | ||
| 005 | 20260601193900.0 | ||
| 008 | 260507b1982 sp |||| |||| 00| 0 spa d | ||
| 020 | _a8430612149 | ||
| 040 |
_aICI _bspa _cICI |
||
| 041 | _aspa | ||
| 050 |
_aHT687 _bM37 1982 |
||
| 100 | 1 |
_aMartín Serrano, Manuel, _d1940- _eautor _933769 |
|
| 245 | 1 |
_aLos profesionales en la sociedad capitalista / _cManuel Martín Serrano |
|
| 264 |
_aMadrid : _bTaurus, _c1982 |
||
| 300 | _a156 páginas | ||
| 490 | 0 |
_aEnsayistas ; _v214 |
|
| 650 |
_aTecnólogos _933770 |
||
| 650 |
_aProfesiones _933771 |
||
| 942 |
_2lcc _cB _n1 |
||
| 999 |
_c22216 _d22216 |
||